<?xml version="1.0" encoding="UTF-8"?>
<record
    xmlns:xsi="http://www.w3.org/2001/XMLSchema-instance"
    xsi:schemaLocation="http://www.loc.gov/MARC21/slim http://www.loc.gov/standards/marcxml/schema/MARC21slim.xsd"
    xmlns="http://www.loc.gov/MARC21/slim">

  <leader>03329nam a22004813i 4500</leader>
  <controlfield tag="001">EBC1609198</controlfield>
  <controlfield tag="003">MiAaPQ</controlfield>
  <controlfield tag="005">20260623093404.0</controlfield>
  <controlfield tag="006">m     o  d |      </controlfield>
  <controlfield tag="007">cr cnu||||||||</controlfield>
  <controlfield tag="008">260525s2014    xx      o     ||||0 eng d</controlfield>
  <datafield tag="020" ind1=" " ind2=" ">
    <subfield code="a">9781466596795</subfield>
    <subfield code="q">(electronic bk.)</subfield>
  </datafield>
  <datafield tag="020" ind1=" " ind2=" ">
    <subfield code="z">9781466596771</subfield>
  </datafield>
  <datafield tag="035" ind1=" " ind2=" ">
    <subfield code="a">(MiAaPQ)EBC1609198</subfield>
  </datafield>
  <datafield tag="035" ind1=" " ind2=" ">
    <subfield code="a">(Au-PeEL)EBL1609198</subfield>
  </datafield>
  <datafield tag="035" ind1=" " ind2=" ">
    <subfield code="a">(CaPaEBR)ebr11167243</subfield>
  </datafield>
  <datafield tag="035" ind1=" " ind2=" ">
    <subfield code="a">(OCoLC)908078990</subfield>
  </datafield>
  <datafield tag="040" ind1=" " ind2=" ">
    <subfield code="a">MiAaPQ</subfield>
    <subfield code="b">eng</subfield>
    <subfield code="e">rda</subfield>
    <subfield code="e">pn</subfield>
    <subfield code="c">MiAaPQ</subfield>
    <subfield code="d">MiAaPQ</subfield>
  </datafield>
  <datafield tag="050" ind1=" " ind2="4">
    <subfield code="a">TK7870</subfield>
  </datafield>
  <datafield tag="082" ind1="0" ind2=" ">
    <subfield code="a">621.3815/48</subfield>
  </datafield>
  <datafield tag="100" ind1="1" ind2=" ">
    <subfield code="a">Northrop, Robert B.</subfield>
  </datafield>
  <datafield tag="245" ind1="1" ind2="0">
    <subfield code="a">Introduction to Instrumentation and Measurements.</subfield>
  </datafield>
  <datafield tag="250" ind1=" " ind2=" ">
    <subfield code="a">3rd ed.</subfield>
  </datafield>
  <datafield tag="264" ind1=" " ind2="1">
    <subfield code="a">Milton :</subfield>
    <subfield code="b">Taylor &amp; Francis Group,</subfield>
    <subfield code="c">2014.</subfield>
  </datafield>
  <datafield tag="264" ind1=" " ind2="4">
    <subfield code="c">&#xFFFD;2014.</subfield>
  </datafield>
  <datafield tag="300" ind1=" " ind2=" ">
    <subfield code="a">1 online resource (928 pages)</subfield>
  </datafield>
  <datafield tag="336" ind1=" " ind2=" ">
    <subfield code="a">text</subfield>
    <subfield code="b">txt</subfield>
    <subfield code="2">rdacontent</subfield>
  </datafield>
  <datafield tag="337" ind1=" " ind2=" ">
    <subfield code="a">computer</subfield>
    <subfield code="b">c</subfield>
    <subfield code="2">rdamedia</subfield>
  </datafield>
  <datafield tag="338" ind1=" " ind2=" ">
    <subfield code="a">online resource</subfield>
    <subfield code="b">cr</subfield>
    <subfield code="2">rdacarrier</subfield>
  </datafield>
  <datafield tag="341" ind1="0" ind2=" ">
    <subfield code="b">No reading system accessibility options actively disabled</subfield>
    <subfield code="2">onix</subfield>
  </datafield>
  <datafield tag="341" ind1="0" ind2=" ">
    <subfield code="b">Appearance of all textual content can be modified</subfield>
    <subfield code="2">onix</subfield>
  </datafield>
  <datafield tag="505" ind1="0" ind2=" ">
    <subfield code="a">Front Cover -- Contents -- Preface -- Author -- Chapter 1: Measurement Systems -- Chapter 2: Analog Signal Conditioning in Instrumentation -- Chapter 3: Noise and Coherent Interference in Measurements -- Chapter 4: DC Null Methods of Measurement -- Chapter 5: AC Null Measurements -- Chapter 6: Survey of Sensor Mechanisms -- Chapter 7: Applications of Sensors to Physical Measurements -- Chapter 8: Basic Electrical Measurements -- Chapter 9: Digital Interfaces in Measurement Systems -- Chapter 10: Introduction to Digital Signal Conditioning in Instrumentation -- Chapter 11: Solid-State Chemical Microsensors and Wireless Instrumentation -- Chapter 12: Introduction to Mechanical Microsensors -- Chapter 13: Examples of the Design of Measurement Systems -- Glossary -- References -- Back Cover.</subfield>
  </datafield>
  <datafield tag="520" ind1=" " ind2=" ">
    <subfield code="a">A substantial revision of a text for a standard instrumentation and measurements course taught in many departments of electrical engineering as well as bioengineering, biophysics, and applied physics, this third edition is fully updated to incorporate the latest developments in instrumentation and include new problems and examples. Ideal for upper division and graduate students requiring an overview of instrumentation, the book features two new chapters on wireless instrumentation and microsensors, new material on the design of micro-electro-mechanical (MEMS) sensors, and extensive biomedical examples and problems.</subfield>
  </datafield>
  <datafield tag="532" ind1="8" ind2=" ">
    <subfield code="a">Publisher contact for further accessibility information: ebookqueries@tandf.co.uk</subfield>
  </datafield>
  <datafield tag="588" ind1=" " ind2=" ">
    <subfield code="a">Description based on publisher supplied metadata and other sources.</subfield>
  </datafield>
  <datafield tag="590" ind1=" " ind2=" ">
    <subfield code="a">Electronic reproduction. Ann Arbor, Michigan : ProQuest Ebook Central, 2026. Available via World Wide Web. Access may be limited to ProQuest Ebook Central affiliated libraries. </subfield>
  </datafield>
  <datafield tag="650" ind1=" " ind2="0">
    <subfield code="a">Electronic measurements.</subfield>
  </datafield>
  <datafield tag="655" ind1=" " ind2="4">
    <subfield code="a">Electronic books.</subfield>
  </datafield>
  <datafield tag="776" ind1="0" ind2="8">
    <subfield code="i">Print version:</subfield>
    <subfield code="a">Northrop, Robert B.</subfield>
    <subfield code="t">Introduction to Instrumentation and Measurements</subfield>
    <subfield code="d">Milton : Taylor &amp; Francis Group,c2014</subfield>
    <subfield code="z">9781466596771</subfield>
  </datafield>
  <datafield tag="797" ind1="2" ind2=" ">
    <subfield code="a">ProQuest (Firm)</subfield>
  </datafield>
  <datafield tag="856" ind1="4" ind2="0">
    <subfield code="u">https://ebookcentral-proquest-com.mlisicats.remotexs.co/lib/ppks/detail.action?docID=1609198</subfield>
    <subfield code="z">Click to View</subfield>
  </datafield>
  <datafield tag="942" ind1=" " ind2=" ">
    <subfield code="2">lcc</subfield>
    <subfield code="c">EB</subfield>
  </datafield>
  <datafield tag="999" ind1=" " ind2=" ">
    <subfield code="c">2965</subfield>
    <subfield code="d">2965</subfield>
  </datafield>
</record>
